00295 a2200085 4500100002100000245006800021300004200089650002300131773005500154 aNGNENBE, Timothy aGeological survey authority investigates nation's minerals base aWednesday, September 6, 2023 Pages 38 aMineral resources 0 x0855-1529tDaily GraphicdAccra Daily Graphic 2023